Szczegóły MARC21

Społeczeństwo wobec "Innego" : kategoria "Innego" w naukach społecznych i życiu publicznym /

005 -DATA I CZAS OSTATNIEJ MODYFIKACJI [,]
    • @
    • pole kontrolne
    • 20110527115844.0
020 -Międzynarod. znormalizowany nr książki - ISBN [ , ]
    • a
    • Numer ISBN
    • 9788376115917 Find
040 -Instytucja sporządzająca opis [ , ]
    • a
    • Instytucja, która sporządziła opis (NP)
    • SZCZ U/KLR
    • c
    • Instytucja, która sporządziła rekord (NP)
    • SZCZ U/KLR
    • d
    • Instytucja, która zmodyfikowała rekord (P)
    • SZCZ U/MS
041 -Język dokumentu [0, ]
    • a
    • Język tekstu (P)
    • polski
044 -Kraj miejsca wydania [ , ]
    • a
    • Kraj miejsca wydania
    • Polska
942 -Rodzaj dokumentu [ , ]
    • c
    • Rodzaj dokumentu
    • Książka
245 -Strefa tytułu i oznaczenia odpowiedzialności [0,0]
    • a
    • Tytuł
    • Społeczeństwo wobec "Innego" : Find
    • b
    • Ciąg dalszy tytułu (NP)
    • kategoria "Innego" w naukach społecznych i życiu publicznym / Find
    • c
    • Pozostałe elementy strefy tytułu i oznaczenia odpowiedzialności (NP)
    • red. nauk. Ludmiła Dziewięcka-Bokun, Anna Śledzińska-Simon ; Dolnośląska Wyższa Szkoła Służb Publicznych "ASESOR" we Wrocławiu.
246 -Wariant tytułu [3,0]
    • a
    • Tytuł (NP)
    • Kategoria "Innego" w naukach społecznych i życiu publicznym
260 -Strefa adresu wydawniczego [ , ]
    • a
    • Miejsce wydania (P)
    • Toruń ;
    • a
    • Miejsce wydania (P)
    • Wrocław :
    • b
    • Nazwa wydawcy (P)
    • Wydawnictwo Adam Marszałek :
    • b
    • Nazwa wydawcy (P)
    • Dolnośląska Wyższa Szkoła Służb Publicznych "ASESOR",
    • c
    • Data wydania (P)
    • 2010.
300 -Strefa opisu fizycznego [ , ]
    • a
    • Określenie formy książki i/lub objętość (NP)
    • 387 s. :
    • b
    • Oznaczenie ilustracji (NP)
    • il. ;
    • c
    • Format (NP)
    • 23 cm.
504 -Uwaga dot. bibliogr. załącznikowej [ , ]
    • a
    • Uwaga dot. bibliografii załącznikowej
    • Bibliogr.
080 -Uniwersalna Klasyfikacja Dziesiętna [ , ]
    • 2
    • Identyfikator wydania tablic
    • UDC-P058
    • 9
    • UKD
    • 2822
    • a
    • Symbol klasyfikacji
    • 316.6
    • b
    • Dopowiedzenie
    • Psychologia społeczna. Zachowania społeczne. Aktywność i bierność w zachowaniu społecznym. Motywacje ludzkiego zachowania. Potrzeby. Aspiracje.
980 -Symbol UKD [ , ]
    • a
    • UKD
    • 316.6
700 -Hasło dodatkowe - nazwa osobowa [1, ]
    • 9
    • KHW
    • 76691
    • a
    • Nazwa osobowa (NP)
    • Dziewięcka-Bokun, Ludmiła Find
    • d
    • Daty biograficzne (NP)
    • (1946- ).
700 -Hasło dodatkowe - nazwa osobowa [1, ]
    • 9
    • KHW
    • 18599
    • a
    • Nazwa osobowa (NP)
    • Śledzińska-Simon, Anna. Find
    • e
    • Określenie rodzaju współpracy
    • Red.
920 -ISBN [ , ]
    • a
    • ISBN
    • 978-83-7611-591-7 Find
Status udost. Numer inwentarzowy Data inwentaryzacji Lokalizacja
1Z.1154162011-05-13BG